000
00314nam a2200121Ia 4500
008
220204s9999 xx 000 0 und d
082
_a
631.4:631.95
_b
RIC
100
_a
RICHARDS, B N
245
0
_a
Introduction to the soil ecosystems
260
_a
New York
_b
Longman
_c
1974
650
_a
Soil ecosystem
942
_c
BK
999
_c
27203
_d
27203